Países del Califato Abasí en un mapa - Estadísticas

Estadísticas generales
  • Esta prueba ha sido intentada 50 veces
  • La puntuación promedio es 32 de 32
Respuestas en el mapa
Las respuestas están codificadas por una escala verde-roja en el mapa de la prueba según el % correcto abajo.
 
Estadísticas de respuestas
Respuesta % Correcto
Afganistán
100%
Arabia Saudita
100%
Argelia
100%
Armenia
100%
Azerbaiyán
100%
Egipto
100%
Emiratos Árabes Unidos
100%
Georgia
100%
Grecia
100%
India
100%
Irak
100%
Irán
100%
Israel
100%
Italia
100%
Jordania
100%
Kazajistán
100%
Kirguistán
100%
Kuwait
100%
Líbano
100%
Libia
100%
Omán
100%
Pakistán
100%
Rusia
100%
Siria
100%
Túnez
100%
Turquía
100%
Yemen
100%
Catar
98%
Tayikistán
98%
Turkmenistán
98%
Uzbekistán
98%
Baréin
91%
No se encontraron pruebas coincidentes
Distribución de puntuación
Porcentaje de gente con cada puntuación
Porcentaje por número respondido
Historial de tus puntuaciones
No has intentado esta prueba.